Score 0/42 Timer 06:00
0 Plays Today
Group % Correct
Letters of the Greek AlphabetAlpha
95.9%
Words of the Lord's PrayerAmen
85.8%
Letters of the Greek AlphabetOmega
82.6%
Summer Olympics Host CitiesAthens
80.9%
Words of the Lord's PrayerOur
79.6%
Summer Olympics Host CitiesRio de Janeiro
75.3%
Phases of the MoonNew Moon
60%
Super Bowl WinnersKansas City Chiefs
59.9%
Disney Animated ClassicsSnow White and the Seven Dwarfs
56.7%
Star Wars ChaptersThe Rise of Skywalker
56.3%
Star Wars ChaptersThe Phantom Menace
55.8%
Books of the TorahGenesis
53.5%
Super Bowl WinnersGreen Bay Packers
52.1%
Signs of the Chinese ZodiacRat
34.9%
Best Actor Oscar WinnersJoaquin Phoenix
34.2%
Roman EmperorsAugustus
31.3%
Wives of Henry VIIICatherine of Aragon
31%
Phases of the MoonWaning Crescent
28.6%
Books of the TorahDeuteronomy
28%
Male Open Era Wimbledon ChampionsNovak Djokovic
27.2%
American Civil War BattlesBattle of Fort Sumter
24.1%
Group % Correct
Doctor Who ActorsJodie Whittaker
20.3%
Wives of Henry VIIICatherine Parr
19.7%
Signs of the Chinese ZodiacPig
15.3%
Eurovision Winning CountriesNetherlands
15.1%
Stages of MitosisProphase
13.4%
Disney Animated ClassicsFrozen II
13.4%
Stages of MitosisTelophase
12.3%
Dan Brown NovelsOrigin
12%
Dan Brown NovelsDigital Fortress
9.2%
Doctor Who ActorsWilliam Hartnell
6.7%
Eurovision Winning CountriesSwitzerland
6.4%
Australian Prime MinistersScott Morrison
6.3%
Male Open Era Wimbledon ChampionsRod Laver
6.1%
Nobel Peace Prize LaureatesAbiy Ahmed
3%
Michael Jackson AlbumsInvincible
2.7%
Best Actor Oscar WinnersEmil Jannings
2.6%
Roman EmperorsRomulus Augustus
2.4%
Australian Prime MinistersEdmund Barton
1.5%
American Civil War BattlesBattle of Palmito Ranch
1.1%
Michael Jackson AlbumsGot to Be There
1%
Nobel Peace Prize LaureatesJean Henry Dunant/Frédéric Passy
0.6%

You're not logged in!

Compare scores with friends on all Sporcle quizzes.
OR
Log In

Sporcle TV

Today on Sporcle TV


Watch our educational content, quiz creation guides, and fun videos on Sporcle TV.

Show Comments

Extras

Top Quizzes Today


Score Distribution

Paid Content

Your Account Isn't Verified!

In order to create a playlist on Sporcle, you need to verify the email address you used during registration. Go to your Sporcle Settings to finish the process.

Report this User

Report this user for behavior that violates our Community Guidelines.

Details: